000 00606nam a2200181Ia 4500
003 GCL
008 140319s9999 xx 000 0 ara d
040 _aGCL /
_cGCL
082 0 4 _a027.8
_bا م
100 1 _aاحمد عبدالله العلى
245 1 0 _aالمراجع فى المكتبة المدرسية معناها اهميتها اشكالها وظائفها /
_cاحمد عبدالله العلى
260 _a[S.N] :
_bمركز الكتاب للنشر ،
_c1990
300 _a95 ص
490 _a
650 0 4 _aالمراجع
650 0 4 _aالارشاد المرجعى
942 _2ddc
_cBK
999 _c53186
_d53186